Hỏi-đáp về bệnh tim mạch

שמור ב:
מידע ביבליוגרפי
מחבר ראשי: Nguyễn Huy Dung
פורמט: ספר
שפה:Undetermined
יצא לאור: Tp. HCM Y học 1996
נושאים:
תגים: הוספת תג
אין תגיות, היה/י הראשונ/ה לתייג את הרשומה!
Thư viện lưu trữ: Trung tâm Học liệu Trường Đại học Cần Thơ
LEADER 00473nam a2200169Ia 4500
001 CTU_45874
008 210402s9999 xx 000 0 und d
082 |a 616.1 
082 |b D513 
100 |a Nguyễn Huy Dung 
245 0 |a Hỏi-đáp về bệnh tim mạch 
245 0 |c Nguyễn Huy Dung 
260 |a Tp. HCM 
260 |b Y học 
260 |c 1996 
650 |a cardiovascular system - diseases 
980 |a Trung tâm Học liệu Trường Đại học Cần Thơ